000 00335 a2200157 4500
001 190405
020 _a978-85-7635-799-5
040 _cMagnum
100 _aHiratsuka, Lucia
240 1 0 _aO noivo da ratinha
_lpor
245 1 0 _aO noivo da ratinha
300 _a32
362 0 _a2011
697 _aLITERATURA INFANTO
942 _cBK
999 _c190405
_d190405